Путешествие на "Кон-Тики" : (Record no. 530257)
[ view plain ]
| 000 -LEADER | |
|---|---|
| fixed length control field | 01429nam a2200277 a 4500 |
| 001 - CONTROL NUMBER | |
| control field | 1497388 |
| 003 - CONTROL NUMBER IDENTIFIER | |
| control field | AM-YEHGA |
| 005 - DATE AND TIME OF LATEST TRANSACTION | |
| control field | 20250617164830.0 |
| 008 - FIXED-LENGTH DATA ELEMENTS--GENERAL INFORMATION | |
| fixed length control field | 190311s1962 uz ab|||r|||||000|0|rus|| |
| 040 ## - CATALOGING SOURCE | |
| Original cataloging agency | AM-YeHGA |
| 041 1# - LANGUAGE CODE | |
| Language code of text/sound track or separate title | rus |
| Language code of original | eng |
| -- | nor |
| 090 ## - LOCALLY ASSIGNED LC-TYPE CALL NUMBER (OCLC); LOCAL CALL NUMBER (RLIN) | |
| -- | 568909 |
| 100 1# - MAIN ENTRY--PERSONAL NAME | |
| Personal name | Хейердал, Тур |
| 245 10 - TITLE STATEMENT | |
| Title | Путешествие на "Кон-Тики" : |
| Remainder of title | [Перевод с английского] ; Тайна острова Пасхи. (Аку-Аку) : [Перевод с норвежского] / |
| Statement of responsibility, etc. | Тор Хейердал ; [Науч. ред., [предисл.] и примеч. чл.-кор. Акад. наук СССР С.В. Обручева]. |
| 260 ## - PUBLICATION, DISTRIBUTION, ETC. | |
| Place of publication, distribution, etc. | Ташкент : |
| Name of publisher, distributor, etc. | Объедин. изд-во "Кизил Узбекистон", "Правда Востока" и "Узбекистони Сурх", |
| Date of publication, distribution, etc. | 1962. |
| 300 ## - PHYSICAL DESCRIPTION | |
| Extent | 532 с. : |
| Other physical details | ил., карт. ; |
| Dimensions | 22 см. |
| 650 14 - SUBJECT ADDED ENTRY--TOPICAL TERM | |
| Topical term or geographic name entry element | Морские путешествия |
| 651 #4 - SUBJECT ADDED ENTRY--GEOGRAPHIC NAME | |
| Geographic name | Океания |
| General subdivision | Путешествия |
| 651 #4 - SUBJECT ADDED ENTRY--GEOGRAPHIC NAME | |
| Geographic name | Пасхи, остров |
| 653 0# - INDEX TERM--UNCONTROLLED | |
| Uncontrolled term | Археологические памятники -- Пасхи, остров |
| 653 0# - INDEX TERM--UNCONTROLLED | |
| Uncontrolled term | Полинезийцы - Этнография |
| 653 0# - INDEX TERM--UNCONTROLLED | |
| Uncontrolled term | Путешествия и экспедиции - Тихий океан |
| 700 1# - ADDED ENTRY--PERSONAL NAME | |
| Personal name | Обручев, С. В. |
| Relator term | ред. |
| Relationship | edt |
| 740 02 - ADDED ENTRY--UNCONTROLLED RELATED/ANALYTICAL TITLE | |
| Uncontrolled related/analytical title | Тайна острова Пасхи (Аку-Аку) |
| 942 ## - ADDED ENTRY ELEMENTS (KOHA) | |
| Source of classification or shelving scheme | Universal Decimal Classification |
| Koha item type | Գրքեր / Books |
| Withdrawn status | Lost status | Source of classification or shelving scheme | Damaged status | Not for loan | Collection | Home library | Current library | Date acquired | Total checkouts | Full call number | Barcode | Date last seen | Price effective from | Koha item type | Public note |
|---|---|---|---|---|---|---|---|---|---|---|---|---|---|---|---|
| Universal Decimal Classification | General | Fundamental Scientific Library | Fundamental Scientific Library | 11/01/2022 | РII/69734 | FL0667724 | 23/04/2024 | 23/04/2024 | Գրքեր / Books | 30 Days Loan |
ՀՀ Գիտությունների ազգային ակադեմիայի հիմնարար գիտական գրադարան = Fundamental Scientific Library of NAS RA
All site content, except where otherwise noted, is licensed under a